Raimundo Lulio, genio de la filosofía y mística española / (Record no. 136789)

MARC details
000 -LEADER
campo de control de longitud fija 00636nam a2200193 i 4500
001 - NÚMERO DE CONTROL
campo de control 136789
003 - IDENTIFICADOR DE NÚMERO DE CONTROL
campo de control ES-MaACL
005 - FECHA Y HORA DE LA ÚLTIMA TRANSACCIÓN
campo de control 20250714072814.0
007 - CAMPO FIJO DE DESCRIPCIÓN FÍSICA--INFORMACIÓN GENERAL
campo de control de longitud fija t|
008 - DATOS DE LONGITUD FIJA--INFORMACIÓN GENERAL
campo de control de longitud fija 070214s1963 sp r ||||1| spa d
100 1# - ENTRADA PRINCIPAL--NOMBRE DE PERSONA
Nombre de persona Saiz Barberá, Juan.
9 (RLIN) 101625
245 10 - MENCIÓN DEL TÍTULO
Título Raimundo Lulio, genio de la filosofía y mística española /
Mención de responsabilidad, etc. Pbro. Juan Saiz Barberá.
260 ## - PUBLICACIÓN, DISTRIBUCIÓN, ETC.
Lugar de publicación, distribución, etc. Madrid :
Nombre del editor, distribuidor, etc. EPESA [Ediciones y Publicaciones Españolas],
Fecha de publicación, distribución, etc. 1963.
300 ## - DESCRIPCIÓN FÍSICA
Extensión XXV, 899 p. ;
Dimensiones 25 cm.
504 ## - NOTA DE BIBLIOGRAFÍA, ETC.
Nota de bibliografía, etc. Bibliografía: p. [853]-875.
600 04 - PUNTO DE ACCESO ADICIONAL DE MATERIA--NOMBRE DE PERSONA
Nombre de persona Ramón Llull,
Títulos y otros términos asociados al nombre Beato,
Fechas asociadas al nombre ca. 1232-1316?
9 (RLIN) 95219
852 ## - LOCALIZACIÓN
Ubicación ES-MaACL
Número de control de estantería C-24421
Holdings
Estatus retirado Estado de pérdida Estado de daño No para préstamo Biblioteca de origen Biblioteca actual Ubicación en estantería Fecha de adquisición Fuente de adquisición Total de préstamos Signatura topográfica completa Código de barras Visto por última vez Precio de reemplazo Tipo de ítem Koha
        Biblioteca del Ateneo de Madrid Biblioteca del Ateneo de Madrid Depósito 2 17/01/2008     C-24421 1142356 23/02/2023 23/02/2023 Libro impreso